000 00547nam a2200193Ia 4500
005 20260114185642.0
008 008 260114s9999 xx 000 0 eng d
020 _a9781472895875
037 _aEBOOK
040 _aCRL
_beng
_cCRL
041 _aeng
_2eng
084 _qCRL
100 _aEdward J Erickson
_9872702
245 0 _aGallipoli Command Under Fire
260 _bBloomsbury
_c2015
856 _uhttps://doi.org/10.5040/9781472895875?locatt=label:secondary_bloomsburyCollections
942 _cEBOOK
999 _c1471650
_d1471650